[Event "XLIV Sevilla Open 2019"]
[Site "Sevilla"]
[Date "2019.01.17"]
[Round "7"]
[White "Xu, Xiangyu"]
[Black "Campora, Daniel H."]
[Result "0-1"]
[WhiteElo "2567"]
[BlackElo "2417"]
[Annotator "RC"]
[PlyCount "82"]
[EventDate "2019.01.11"]
[EventType "swiss"]
[EventCountry "ESP"]
[SourceTitle "playchess.com"]
[Source "ChessBase"]
[SourceQuality "1"]
[TimeControl "5400+30"]

1. d4 {[%emt 0:00:00]} d5 {[%emt 0:00:00]} 2. c4 {[%emt 0:00:00]} c6 {[%emt 0:00:04]} 3. cxd5 {[%emt 0:00:00]} cxd5 {[%emt 0:00:05]} 4. Bf4 {[%emt 0:00:00]} Nc6 {[%emt 0:01:12]} 5. e3 {[%emt 0:00:03]} Nf6 {[%emt 0:04:22]} 6. Nc3 {[%emt 0:00:20]} e6 {[%emt 0:00:56]} 7. Bd3 {[%emt 0:00:07]} Be7 {[%emt 0:00:09]} 8. Rc1 {[%emt 0:00:30]} O-O {[%emt 0:00:13]} 9. h3 {[%emt 0:00:04]} b6 {[%emt 0:07:34]} 10. Nf3 {[%emt 0:03:37]} Bb7 {[%emt 0:00:20]} 11. O-O {[%emt 0:01:04]} Rc8 {[%emt 0:02:18]} 12. a3 {[%emt 0:03:18]} a6 {[%emt 0:15:33]} 13. Na4 {[%emt 0:06:35]} Nd7 {[%emt 0:13:22]} 14. b4 {[%emt 0:01:21]} f6 {[%emt 0:13:53]} 15. Bg3 {[%emt 0:01:04]} Na7 {[%emt 0:10:58]} 16. Qe2 {[%emt 0:03:02]} Bc6 {[%emt 0:03:27]} 17. Bxa6 {[%emt 0:00:37]} Bxa4 {[%emt 0:00:35]} 18. Bxc8 {[%emt 0:00:08]} Bb5 {[%emt 0:00:14]} 19. Qc2 {[%emt 0:00:59]} Qxc8 {[%emt 0:00:55]} 20. Rfe1 {[%emt 0:01:48]} Qxc2 {[%emt 0:02:43]} 21. Rxc2 {[%emt 0:00:02]} Bc4 {[%emt 0:00:17]} 22. e4 Kf7 {[%emt 0:02:06]} 23. exd5 {[%emt 0:02:25]} exd5 {[%emt 0:00:22]} 24. Rc3 {[%emt 0:00:02]} Ra8 {[%emt 0:01:22]} 25. Rce3 {[%emt 0:06:04]} Bf8 {[%emt 0:00:10]} 26. Re6 {[%emt 0:00:04]} Nb5 {[%emt 0:00:39]} 27. Rc6 {[%emt 0:00:11]} Rxa3 {[%emt 0:01:18]} 28. Rc8 {[%emt 0:00:04]} Bxb4 {[%emt 0:01:25]} 29. Rb1 {[%emt 0:00:55]} Bd6 {[%emt 0:05:34]} 30. Nd2 {[%emt 0:01:27]} Bxg3 {[%emt 0:01:19]} 31. fxg3 {[%emt 0:00:06]} Bd3 {[%emt 0:01:59]} 32. Re1 {[%emt 0:00:01]} Ra2 {[%emt 0:00:29]} 33. Rd8 {[%emt 0:01:13]} Nf8 {[%emt 0:00:57]} 34. Nf3 {[%emt 0:00:26]} Be4 {[%emt 0:00:20]} 35. Rc1 {[%emt 0:00:58]} Ne6 {[%emt 0:01:13]} 36. Rd7+ {[%emt 0:00:04]} Kg6 {[%emt 0:00:06]} 37. Nh4+ {[%emt 0:00:07]} Kh6 {[%emt 0:00:07]} 38. Rc6 {[%emt 0:00:52]} Nbxd4 {[%emt 0:01:32]} 39. Rxb6 {[%emt 0:00:02]} Nc5 {[%emt 0:01:29]} 40. Re7 {[%emt 0:00:31]} Nd3 {[%emt 0:01:59]} 41. Rbb7 {[%emt 0:04:19]} g5 {[%emt 0:03:08]} 0-1

[Event "XLIV Sevilla Open 2019"]
[Site "Sevilla"]
[Date "2019.01.17"]
[Round "7"]
[White "Grigoryan, Karen H."]
[Black "Das, Arghyadip"]
[Result "0-1"]
[WhiteElo "2557"]
[BlackElo "2431"]
[Annotator "ChessBase"]
[PlyCount "100"]
[EventDate "2019.01.11"]
[EventType "swiss"]
[EventCountry "ESP"]
[SourceTitle "playchess.com"]
[Source "ChessBase"]
[SourceQuality "1"]
[TimeControl "5400+30"]

1. Nf3 {[%emt 0:00:23]} d5 {[%emt 0:00:00]} 2. g3 {[%emt 0:00:12]} c5 {[%emt 0:00:00]} 3. Bg2 {[%emt 0:01:03]} Nc6 {[%emt 0:00:01]} 4. O-O {[%emt 0:00:09]} e5 {[%emt 0:00:04]} 5. d3 {[%emt 0:00:04]} Nf6 {[%emt 0:00:08]} 6. Nbd2 {[%emt 0:03:38]} Be7 {[%emt 0:01:13]} 7. e4 {[%emt 0:00:15]} O-O {[%emt 0:06:51]} 8. exd5 {[%emt 0:02:48]} Nxd5 {[%emt 0:00:19]} 9. Re1 {[%emt 0:00:05]} f6 {[%emt 0:00:17]} 10. c3 {[%emt 0:00:39]} Nc7 {[%emt 0:03:09]} 11. Nb3 {[%emt 0:01:50]} Be6 {[%emt 0:07:05]} 12. Be3 {[%emt 0:15:23]} b6 {[%emt 0:04:22]} 13. d4 {[%emt 0:00:46]} exd4 {[%emt 0:07:11]} 14. Bf4 {[%emt 0:04:58]} Bd6 {[%emt 0:19:52]} 15. Nfxd4 {[%emt 0:06:34]} cxd4 {[%emt 0:05:31]} 16. Bxc6 {[%emt 0:00:29]} Bxf4 {[%emt 0:00:13]} 17. Bxa8 {[%emt 0:02:00]} Qxa8 {[%emt 0:01:17]} 18. gxf4 {[%emt 0:00:47]} dxc3 {[%emt 0:00:19]} 19. bxc3 {[%emt 0:01:21]} Bh3 {[%emt 0:01:37]} 20. f3 {[%emt 0:00:26]} Ne6 {[%emt 0:02:06]} 21. f5 {[%emt 0:15:54]} Ng5 {[%emt 0:16:44]} 22. Nd4 {[%emt 0:00:13]} Rd8 {[%emt 0:00:13]} 23. Qd3 {[%emt 0:03:42]} Qd5 {[%emt 0:10:21]} 24. Re2 {[%emt 0:00:27]} Nf7 {[%emt 0:00:52]} 25. Qe4 {[%emt 0:01:29]} Ne5 {[%emt 0:00:15]} 26. Qxd5+ {[%emt 0:00:33]} Rxd5 {[%emt 0:00:02]} 27. f4 {[%emt 0:14:51]} Nd3 {[%emt 0:03:01]} 28. Re3 {[%emt 0:03:35]} Nxf4 {[%emt 0:00:11]} 29. Rf3 {[%emt 0:00:18]} g5 {[%emt 0:00:18]} 30. fxg6 {[%emt 0:00:06]} Rg5+ {[%emt 0:00:22]} 31. Kf2 {[%emt 0:00:20]} Rg2+ {[%emt 0:02:18]} 32. Ke3 {[%emt 0:00:10]} Nd5+ {[%emt 0:00:20]} 33. Ke4 {[%emt 0:00:18]} Rxh2 {[%emt 0:00:09]} 34. gxh7+ {[%emt 0:00:29]} Kxh7 {[%emt 0:00:02]} 35. Kxd5 {[%emt 0:00:10]} Bg2 {[%emt 0:00:04]} 36. Kc4 {[%emt 0:00:34]} Bxf3 {[%emt 0:00:05]} 37. Nxf3 {[%emt 0:00:04]} Rh5 {[%emt 0:00:15]} 38. Nd4 {[%emt 0:00:21]} Kg6 {[%emt 0:00:15]} 39. Re1 {[%emt 0:02:03]} Kf7 {[%emt 0:00:42]} 40. a4 {[%emt 0:02:45]} Rc5+ {[%emt 0:00:26]} 41. Kb4 {[%emt 0:00:20]} f5 {[%emt 0:01:13]} 42. Rf1 {[%emt 0:05:29]} Kf6 {[%emt 0:00:55]} 43. Rxf5+ {[%emt 0:00:28]} Rxf5 {[%emt 0:00:05]} 44. Nxf5 {[%emt 0:00:04]} Kxf5 {[%emt 0:00:24]} 45. Kb5 {[%emt 0:00:08]} Ke6 {[%emt 0:03:27]} 46. Ka6 {[%emt 0:00:06]} Kd6 {[%emt 0:00:45]} 47. Kxa7 {[%emt 0:00:08]} Kc6 {[%emt 0:00:31]} 48. Kb8 {[%emt 0:00:12]} Kd6 {[%emt 0:00:12]} 49. Kb7 {[%emt 0:00:11]} Kc5 {[%emt 0:00:03]} 50. c4 {[%emt 0:00:23]} Kd4 0-1

[Event "XLIV Sevilla Open 2019"]
[Site "Sevilla"]
[Date "2019.01.17"]
[Round "7"]
[White "Xu, Yi"]
[Black "Insa Alfonso, Pablo"]
[Result "1-0"]
[WhiteElo "2528"]
[BlackElo "2301"]
[Annotator "TA"]
[PlyCount "121"]
[EventDate "2019.01.11"]
[EventType "swiss"]
[EventCountry "ESP"]
[SourceTitle "playchess.com"]
[Source "ChessBase"]
[SourceQuality "1"]

{[%evp 14,121,55,47,55,55,51,54,70,63,62,72,84,74,102,37,37,38,39,50,43,35,45,27,43,45,33,34,43,36,83,47,40,41,106,73,121,59,74,0,0,0,20,0,0,-7,-14,-36,-10,-33,0,0,0,-51,-17,-18,-20,-28,-26,-47,-49,-42,-8,-66,-8,-8,-8,-15,-20,-48,-13,-86,-19,-13,-8,-8,-8,-14,-12,-97,-97,-97,-99,-99,-99,-97,-48,-48,-35,-35,-35,-35,-35,-35,-35,-35,-35,-35,-35,-35,-8,-8,-8,-8,0,0,0,-8,0,0]} 1. e4 c5 2. Nf3 Nc6 3. Bb5 g6 4. Bxc6 bxc6 5. d4 Bg7 6. dxc5 {B31: Sicilian: 2...Nc6 3 Bb5 g6} Qa5+ 7. Nbd2 Ba6 8. Rb1 {LiveBook: 8 Games. White is slightly better.} (8. a3 Qxc5 9. c4 Nf6 10. b4 Qb6 11. O-O O-O 12. Bb2 d6 13. Qc2 {1-0 (35) Nepomniachtchi,I (2759)-Dubov,D (2703) Sochi 2018}) 8... Rb8 9. a3 $1 Qxc5 {[#]} 10. c4 $146 {[%mdl 512]} ({Predecessor:} 10. b4 Qb6 11. c4 Nh6 12. O-O O-O 13. Qc2 {1-0 (70) Nakar,E (2461)-Vorontsov,P (2578) Irving 2018}) 10... Nf6 ({Wrong is} 10... Bxc4 $2 11. Qc2 $18) 11. O-O O-O 12. Qa4 Bb7 13. e5 Ng4 {[#]} 14. Nb3 (14. b4 $1 $16 {[%cal Rb4c5]} Qb6 15. Bb2) 14... Qb6 $14 15. c5 Qb5 16. Qxg4 {Threatens to win with Nbd4.} Qxb3 17. Qxd7 Ba6 18. Re1 $1 $36 {[%mdl 2048] White fights for an advantage.} Qd3 $1 {[%cal Rd3d7]} 19. Qxd3 Bxd3 20. Ra1 Rfd8 21. b4 a5 22. Bd2 axb4 23. axb4 f6 (23... Bc4 $14) 24. Bc3 Bc4 {[#]} 25. Nd4 (25. Ra7 $1 $16) 25... Bd5 26. f4 (26. Ne6 $16 Bxe6 27. exf6) 26... fxe5 $11 27. fxe5 Ra8 28. Rxa8 Rxa8 29. Nc2 Ra2 30. Ne3 Be4 (30... Be6 {is more complex.} 31. Rd1 Ra3 32. Rd3 Bxe5 33. Rd8+ Kf7) 31. Ra1 Rxa1+ (31... Re2 {keeps more tension.} 32. Ra8+ Kf7 33. e6+ Kxe6 34. Bxg7 Rxe3 35. Ra2 Rb3) 32. Bxa1 $15 {[%mdl 4096] Endgame KBB-KBN} Bh6 33. Nd1 (33. Kf2 $11) 33... Kf7 {[%mdl 1024] Black has compensation.} (33... Bc2 $5 {[%cal Rc2d1]} 34. Nc3 Be3+ 35. Kf1 Bd4 $15) 34. Kf2 Ke6 35. g3 Bg7 36. Ke3 Bc2 37. Nf2 Bxe5 38. Bd4 (38. Bxe5 $11 Kxe5 39. Kd2) 38... Kd5 ({Better is} 38... Bc7 $15) 39. Bxe5 $11 Kxe5 {KB-KN} 40. Kd2 Bf5 41. Kc3 g5 42. Kc4 (42. Nd1 $1 $11 {remains equal.}) 42... Be6+ (42... h5 $17) 43. Kd3 Kd5 44. Nd1 Bf5+ 45. Kc3 Ke4 46. Kd2 (46. Nb2 $1 $11) 46... Kd4 $17 47. Ne3 Be4 48. h4 gxh4 49. gxh4 h5 50. Nf1 $1 e5 51. Ng3 Bg6 {White must now prevent ...Kc4.} 52. b5 $1 {[%cal Rb5b6]} Kxc5 53. bxc6 Kxc6 54. Ke3 Kd6 55. Kf3 Kd5 56. Ke3 e4 57. Ne2 {And now Nf4+ would win.The position is equal.} Ke5 58. Ng3 Kd5 59. Ne2 {Nf4+ is the strong threat.} Ke5 60. Ng3 Kd5 61. Ne2 {[%mdl 32768] Accuracy: White = 55%, Black = 44%. . Loss on time!?} 1-0

[Event "XLIV Sevilla Open 2019"]
[Site "Sevilla"]
[Date "2019.01.17"]
[Round "7"]
[White "Vasquez Schroeder, Rodrigo"]
[Black "Lei, Tingjie"]
[Result "1/2-1/2"]
[WhiteElo "2499"]
[BlackElo "2447"]
[Annotator "ChessBase"]
[PlyCount "80"]
[EventDate "2019.01.11"]
[EventType "swiss"]
[EventCountry "ESP"]
[SourceTitle "playchess.com"]
[Source "ChessBase"]
[SourceQuality "1"]
[TimeControl "5400+30"]

1. Nf3 {[%emt 0:00:00]} d5 {[%emt 0:06:20]} 2. d4 {[%emt 0:00:00]} Nf6 {[%emt 0:00:09]} 3. Bf4 {[%emt 0:00:02]} c5 {[%emt 0:03:22]} 4. e3 {[%emt 0:00:45]} Nc6 {[%emt 0:00:35]} 5. c3 {[%emt 0:01:19]} Qb6 {[%emt 0:03:19]} 6. Qb3 {[%emt 0:01:33]} c4 {[%emt 0:01:52]} 7. Qc2 {[%emt 0:00:41]} Bf5 {[%emt 0:02:35]} 8. Qc1 {[%emt 0:00:06]} h6 {[%emt 0:03:33]} 9. h3 {[%emt 0:00:20]} e6 {[%emt 0:00:21]} 10. Nbd2 {[%emt 0:00:30]} Rc8 {[%emt 0:00:36]} 11. Be2 {[%emt 0:01:28]} Be7 {[%emt 0:02:28]} 12. O-O {[%emt 0:00:36]} O-O {[%emt 0:03:10]} 13. Bd1 {[%emt 0:07:38]} Qd8 {[%emt 0:05:09]} 14. a4 {[%emt 0:04:59]} Bd6 {[%emt 0:05:35]} 15. Bxd6 {[%emt 0:01:57]} Qxd6 {[%emt 0:00:05]} 16. Bc2 {[%emt 0:00:07]} Rfe8 {[%emt 0:05:00]} 17. Re1 {[%emt 0:00:48]} Bxc2 {[%emt 0:04:57]} 18. Qxc2 {[%emt 0:00:04]} a6 {[%emt 0:00:52]} 19. e4 {[%emt 0:02:20]} Nxe4 {[%emt 0:00:39]} 20. Nxe4 {[%emt 0:00:52]} dxe4 {[%emt 0:00:05]} 21. Rxe4 {[%emt 0:01:23]} b5 {[%emt 0:03:13]} 22. axb5 {[%emt 0:02:32]} axb5 {[%emt 0:00:04]} 23. Ne5 {[%emt 0:03:17]} Nxe5 {[%emt 0:00:26]} 24. Rxe5 {[%emt 0:00:11]} Ra8 {[%emt 0:02:18]} 25. Rae1 {[%emt 0:01:27]} Reb8 {[%emt 0:00:08]} 26. Qe4 {[%emt 0:01:26]} Ra2 {[%emt 0:07:09]} 27. d5 {[%emt 0:11:54]} exd5 {[%emt 0:10:37]} 28. Rxd5 {[%emt 0:00:08]} Qb6 {[%emt 0:02:23]} 29. Qb1 {[%emt 0:10:04]} Ra7 {[%emt 0:04:53]} 30. Qf5 {[%emt 0:04:32]} Rab7 {[%emt 0:08:02]} 31. Rd7 {[%emt 0:02:24]} Rxd7 {[%emt 0:01:13]} 32. Qxd7 {[%emt 0:00:05]} Qd8 {[%emt 0:00:35]} 33. Re7 {[%emt 0:12:23]} Qxd7 {[%emt 0:00:14]} 34. Rxd7 {[%emt 0:00:05]} Re8 {[%emt 0:00:07]} 35. Kf1 {[%emt 0:01:21]} Re5 {[%emt 0:00:06]} 36. Rd4 {[%emt 0:04:56]} g5 {[%emt 0:01:24]} 37. f4 {[%emt 0:02:03]} gxf4 {[%emt 0:00:23]} 38. Rxf4 {[%emt 0:00:29]} Kg7 {[%emt 0:00:04]} 39. Rd4 {[%emt 0:00:18]} Kg6 {[%emt 0:00:21]} 40. Kf2 {[%emt 0:00:06]} h5 {[%emt 0:00:25]} 1/2-1/2

[Event "XLIV Sevilla Open 2019"]
[Site "Sevilla"]
[Date "2019.01.17"]
[Round "7"]
[White "Iniyan, P."]
[Black "Blanco Acevedo, Cristobal Jose"]
[Result "1-0"]
[WhiteElo "2456"]
[BlackElo "2397"]
[Annotator "ChessBase"]
[PlyCount "123"]
[EventDate "2019.01.11"]
[EventType "swiss"]
[EventCountry "ESP"]
[SourceTitle "playchess.com"]
[Source "ChessBase"]
[SourceQuality "1"]
[TimeControl "5400+30"]

1. d4 {[%emt 0:00:04]} Nf6 {[%emt 0:09:34]} 2. c4 {[%emt 0:00:10]} e6 {[%emt 0:00:10]} 3. Nc3 {[%emt 0:00:07]} d5 {[%emt 0:00:35]} 4. Bg5 {[%emt 0:00:53]} Be7 {[%emt 0:00:18]} 5. e3 {[%emt 0:00:11]} c6 {[%emt 0:00:57]} 6. Nf3 {[%emt 0:00:16]} Nbd7 {[%emt 0:00:19]} 7. Rc1 {[%emt 0:00:29]} h6 {[%emt 0:01:29]} 8. Bh4 {[%emt 0:02:42]} g5 {[%emt 0:02:02]} 9. Bg3 {[%emt 0:00:18]} Nh5 {[%emt 0:00:21]} 10. Be5 {[%emt 0:10:26]} f6 {[%emt 0:01:32]} 11. Bd3 {[%emt 0:06:37]} Kf8 {[%emt 0:05:04]} 12. Bg3 {[%emt 0:05:27]} Kg7 {[%emt 0:03:24]} 13. a3 {[%emt 0:14:03]} Nxg3 {[%emt 0:02:31]} 14. hxg3 {[%emt 0:00:08]} Nf8 {[%emt 0:03:42]} 15. Qc2 {[%emt 0:12:53]} Bd7 {[%emt 0:03:22]} 16. cxd5 {[%emt 0:14:30]} cxd5 {[%emt 0:00:53]} 17. e4 {[%emt 0:00:07]} dxe4 {[%emt 0:04:00]} 18. Bxe4 {[%emt 0:00:08]} g4 {[%emt 0:02:14]} 19. Nd2 {[%emt 0:02:03]} f5 {[%emt 0:03:01]} 20. Bxb7 {[%emt 0:01:06]} Rb8 {[%emt 0:00:27]} 21. Ba6 {[%emt 0:00:07]} Qb6 {[%emt 0:00:29]} 22. Qd3 {[%emt 0:00:07]} Ng6 {[%emt 0:01:59]} 23. b4 {[%emt 0:05:31]} Bg5 {[%emt 0:02:32]} 24. Rc2 {[%emt 0:04:58]} e5 {[%emt 0:01:25]} 25. Nb3 {[%emt 0:00:30]} e4 {[%emt 0:06:24]} 26. Qc4 {[%emt 0:05:04]} e3 {[%emt 0:05:58]} 27. Nc5 {[%emt 0:01:07]} exf2+ {[%emt 0:01:55]} 28. Kxf2 {[%emt 0:00:54]} f4 {[%emt 0:03:00]} 29. Nxd7 {[%emt 0:01:44]} fxg3+ {[%emt 0:00:11]} 30. Ke1 {[%emt 0:00:20]} Rbe8+ {[%emt 0:01:14]} 31. Ne2 {[%emt 0:00:10]} Qd6 {[%emt 0:01:44]} 32. Qc7 {[%emt 0:00:12]} Qxc7 {[%emt 0:10:34]} 33. Rxc7 {[%emt 0:00:08]} Re7 {[%emt 0:00:05]} 34. Nc5 {[%emt 0:00:21]} Rxc7 {[%emt 0:01:00]} 35. Ne6+ {[%emt 0:00:05]} Kf6 {[%emt 0:00:36]} 36. Nxc7 {[%emt 0:00:09]} Nh4 {[%emt 0:00:10]} 37. Nd5+ {[%emt 0:01:12]} Kg7 {[%emt 0:00:04]} 38. Nxg3 {[%emt 0:02:12]} Re8+ {[%emt 0:00:36]} 39. Kf2 {[%emt 0:00:31]} Rf8+ {[%emt 0:00:05]} 40. Ke2 {[%emt 0:00:39]} Nxg2 {[%emt 0:00:18]} 41. Nh5+ {[%emt 0:00:20]} Kh8 {[%emt 0:00:16]} 42. Rg1 {[%emt 0:01:05]} Re8+ {[%emt 0:00:09]} 43. Kd1 {[%emt 0:01:52]} Nh4 {[%emt 0:00:26]} 44. Rxg4 {[%emt 0:00:17]} Nf3 {[%emt 0:00:02]} 45. Be2 {[%emt 0:00:38]} Nh4 {[%emt 0:00:36]} 46. Ndf4 {[%emt 0:03:31]} Nf5 {[%emt 0:00:21]} 47. Rxg5 {[%emt 0:00:16]} hxg5 {[%emt 0:00:07]} 48. Ng6+ {[%emt 0:00:04]} Kh7 {[%emt 0:00:05]} 49. Nf6+ {[%emt 0:00:06]} Kxg6 {[%emt 0:00:03]} 50. Nxe8 {[%emt 0:00:06]} Nxd4 {[%emt 0:00:04]} 51. Nd6 {[%emt 0:00:12]} Kf6 {[%emt 0:00:35]} 52. Nb5 {[%emt 0:00:13]} Nc6 {[%emt 0:00:07]} 53. Bf3 {[%emt 0:00:36]} Ne5 {[%emt 0:00:00]} 54. Bd5 {[%emt 0:00:58]} Nd3 {[%emt 0:00:04]} 55. Nxa7 {[%emt 0:00:26]} Ke5 {[%emt 0:00:04]} 56. Bg2 {[%emt 0:01:29]} g4 {[%emt 0:00:05]} 57. b5 {[%emt 0:00:21]} Nb2+ {[%emt 0:00:20]} 58. Kc2 {[%emt 0:00:22]} Nc4 {[%emt 0:00:04]} 59. Kb3 {[%emt 0:00:04]} Ne3 {[%emt 0:00:15]} 60. b6 {[%emt 0:00:15]} Kd6 {[%emt 0:00:10]} 61. Nb5+ {[%emt 0:00:06]} Kd7 {[%emt 0:00:05]} 62. b7 {[%emt 0:00:07]} 1-0

[Event "XLIV Sevilla Open 2019"]
[Site "Sevilla"]
[Date "2019.01.17"]
[Round "7"]
[White "Starostits, Ilmars"]
[Black "Priyanka Nutakki"]
[Result "1-0"]
[WhiteElo "2442"]
[BlackElo "2195"]
[Annotator "NA"]
[PlyCount "65"]
[EventDate "2019.01.11"]
[EventType "swiss"]
[EventCountry "ESP"]
[SourceTitle "playchess.com"]
[Source "ChessBase"]
[SourceQuality "1"]
[TimeControl "5400+30"]

1. d4 {[%emt 0:00:00]} e6 {[%emt 0:00:00]} 2. Nf3 {[%emt 0:00:00]} Nf6 {[%emt 0:00:00]} 3. e3 {[%emt 0:00:00]} c5 {[%emt 0:00:16]} 4. Bd3 {[%emt 0:00:00]} b6 {[%emt 0:00:30]} 5. O-O {[%emt 0:00:03]} Bb7 {[%emt 0:00:06]} 6. Nbd2 {[%emt 0:00:24]} Be7 {[%emt 0:01:10]} 7. b3 {[%emt 0:00:06]} O-O {[%emt 0:00:26]} 8. Bb2 {[%emt 0:00:03]} cxd4 {[%emt 0:02:00]} 9. exd4 {[%emt 0:00:04]} d6 {[%emt 0:03:46]} 10. Re1 {[%emt 0:00:19]} Nbd7 {[%emt 0:00:48]} 11. Nf1 {[%emt 0:01:17]} Rc8 {[%emt 0:02:53]} 12. c4 {[%emt 0:00:45]} Re8 {[%emt 0:04:36]} 13. Ng3 {[%emt 0:02:55]} Nf8 {[%emt 0:01:16]} 14. d5 {[%emt 0:04:26]} exd5 {[%emt 0:11:21]} 15. Nf5 {[%emt 0:01:55]} Ne6 {[%emt 0:12:57]} 16. cxd5 {[%emt 0:00:52]} Bxd5 {[%emt 0:00:17]} 17. Ba6 {[%emt 0:21:12]} Rc5 {[%emt 0:09:11]} 18. b4 {[%emt 0:02:23]} Bxf3 {[%emt 0:04:57]} 19. Qxf3 {[%emt 0:00:37]} Ng5 {[%emt 0:04:51]} 20. Qd3 {[%emt 0:00:37]} Rc7 {[%emt 0:02:03]} 21. Bb5 {[%emt 0:05:00]} Rf8 {[%emt 0:00:26]} 22. Nxg7 {[%emt 0:16:34]} Kxg7 {[%emt 0:01:10]} 23. Qg3 {[%emt 0:06:25]} Kh6 {[%emt 0:01:08]} 24. h4 {[%emt 0:00:57]} Rg8 {[%emt 0:11:40]} 25. hxg5+ {[%emt 0:06:11]} Rxg5 {[%emt 0:00:02]} 26. Qh3+ {[%emt 0:01:37]} Kg7 {[%emt 0:06:35]} 27. Bd3 {[%emt 0:01:27]} Kg8 {[%emt 0:03:50]} 28. Qh6 {[%emt 0:02:55]} Rg6 {[%emt 0:05:18]} 29. Bxg6 {[%emt 0:00:07]} fxg6 {[%emt 0:00:06]} 30. Re6 {[%emt 0:04:19]} Rc2 {[%emt 0:01:32]} 31. Bxf6 {[%emt 0:00:59]} Bxf6 {[%emt 0:00:05]} 32. Rae1 {[%emt 0:00:03]} Be5 {[%emt 0:00:34]} 33. Rxg6+ {[%emt 0:00:49]} 1-0

[Event "XLIV Sevilla Open 2019"]
[Site "Sevilla"]
[Date "2019.01.17"]
[Round "7"]
[White "Larino Nieto, David"]
[Black "Fedorchuk, Sergey A."]
[Result "1/2-1/2"]
[WhiteElo "2432"]
[BlackElo "2606"]
[Annotator "TA"]
[PlyCount "137"]
[EventDate "2019.01.11"]
[EventType "swiss"]
[EventCountry "ESP"]
[SourceTitle "playchess.com"]
[Source "ChessBase"]
[SourceQuality "1"]

{[%evp 19,137,6,16,0,0,15,17,0,41,22,16,10,44,58,74,69,97,106,93,52,106,81,120,128,141,124,167,146,264,248,237,255,315,311,571,586,505,504,457,443,418,435,411,413,337,334,410,404,413,406,405,406,406,405,392,393,655,647,633,559,552,541,513,375,678,315,299,341,337,318,315,324,312,0,0,0,304,304,304,277,277,277,277,269,269,269,269,262,174,149,156,110,75,8,8,8,20,0,0,0,0,0,0,0,0,0,0,0,0,0,0,0,0,0,0,0,0,0,0,0]} 1. Nf3 Nf6 2. b3 b6 3. g3 Bb7 4. Bg2 e6 5. O-O Be7 6. c4 O-O 7. Bb2 d5 8. cxd5 Nxd5 9. d4 Nd7 10. Nbd2 {A14: English Opening: 1...e6 with b3 by White} c5 {LiveBook: 44 Games} 11. e4 Nb4 12. Qe2 Rc8 13. Rfd1 {[#]} Nf6 $146 ({Predecessor:} 13... Nc2 14. Rac1 Nxd4 15. Nxd4 cxd4 16. Bxd4 Rxc1 17. Rxc1 Nc5 {1-0 (26) Zhou,J (2624)-Esipenko,A (2587) Qinhuangdao 2018}) 14. e5 Nfd5 15. dxc5 Bxc5 16. Ne1 Be7 17. Ne4 Rc7 18. a3 Nc6 19. b4 {[%cal Bb3b4,Bb4b5][%mdl 32]} Rd7 (19... a5 $14) 20. Rd2 Kh8 21. Rad1 Nb8 22. Nf3 h6 23. h4 Ba6 (23... a6 $16 24. Nd4 Qc7) 24. b5 $18 Bb7 25. Nh2 $1 a6 26. Qh5 {Hoping for Ng4.} f5 $2 (26... Bxh4 27. Qxh4 Qxh4 28. gxh4 axb5) 27. exf6 Nxf6 28. Bxf6 Bxf6 29. Rxd7 Nxd7 30. Nxf6 {[%mdl 64] Discovered Attack} Qxf6 31. Ng4 (31. Bxb7 Qxf2+ 32. Kh1 Nf6 $18) 31... Qe7 {Strongly threatening ...Rf5.} 32. Nxh6 {Intending Nf5+ and mate.} (32. Bxb7 Rf5 $16) 32... gxh6 33. Qxh6+ Kg8 34. Qg6+ ({Don't play} 34. Bxb7 axb5 35. Qg6+ Kh8 $18) 34... Kh8 35. Bxb7 axb5 36. Qh6+ Kg8 37. Bg2 ({Resist} 37. Qg6+ Kh8 $18) 37... Ne5 $2 (37... Rf7 38. Rd4 Nc5) 38. Re1 Rf5 {[#]} 39. g4 $1 {[%mdl 576] Decoy} Nxg4 40. Qg6+ {[%mdl 64] Double Attack} Qg7 41. Rxe6 Re5 $2 (41... Rf8 42. Qh5 Qa1+ 43. Bf1 Nf6 44. Qg6+ (44. Qxb5 Kh8 $18) 44... Kh8) 42. Re8+ (42. Rxb6 $142 {White threatens Rb8+ and mate.} Re1+ 43. Bf1) 42... Rxe8 43. Qxe8+ {[%mdl 64] Double Attack} Kh7 44. Qxb5 Qd4 45. Qf5+ Kg7 46. Qg5+ Kf8 $1 47. Qf5+ Kg7 $1 48. Be4 Nf6 49. Qg6+ Kf8 50. Qh6+ $1 Ke7 51. Bf3 Qa1+ 52. Kg2 Qxa3 {[#]} 53. Qg7+ $1 Ke6 {[#]} 54. h5 $1 {[%cal Rh5h6]} Qe7 55. Qg6 {Bg4+ is the strong threat.} Qh7 56. Qg5 (56. Qg3 $16) 56... Qf5 $1 $11 {[%cal Rf5g5] The position is equal.} 57. Qe3+ Kf7 58. Qh6 b5 59. Qd2 Nxh5 60. Qa2+ Kg7 61. Qa7+ Kg6 62. Bxh5+ Kxh5 {[%mdl 4096] Endgame KQ-KQ} 63. Qb8 Qg4+ 64. Kf1 Qc4+ 65. Ke1 b4 66. Qe5+ Kg6 67. Kd2 Qa2+ 68. Kc1 b3 {[%csl Gb3][%cal Ra2c2]} 69. Qe6+ {Accuracy: White = 65%, Black = 38%.} 1/2-1/2

[Event "XLIV Sevilla Open 2019"]
[Site "Sevilla"]
[Date "2019.01.17"]
[Round "7"]
[White "Krishna Teja, N."]
[Black "Ibarra Jerez, Jose Carlos"]
[Result "1/2-1/2"]
[WhiteElo "2371"]
[BlackElo "2558"]
[Annotator "TA"]
[PlyCount "70"]
[EventDate "2019.01.11"]
[EventType "swiss"]
[EventCountry "ESP"]
[SourceTitle "playchess.com"]
[Source "ChessBase"]
[SourceQuality "1"]

{[%evp 17,70,0,7,0,1,0,29,29,29,33,33,29,33,21,39,19,39,35,20,-22,-10,-52,-42,-64,-58,-61,-22,-18,-30,-16,-11,-19,-6,-6,-13,-6,-2,-67,-72,-69,-6,-6,0,-6,0,-6,-6,-6,-6,-6,-6,-6,0,0,0]} 1. d4 d5 2. c4 e6 3. Nf3 a6 4. cxd5 exd5 5. Nc3 c6 (5... h6 6. Bf4 Nf6 7. Qb3 Bd6 8. Bxd6 Qxd6 9. e3 O-O 10. Bd3 b6 11. O-O Nbd7 12. Rfd1 Bb7 13. Rac1 {0-1 (65) Melkumyan,H (2670)-Carlsen,M (2835) St Petersburg 2018}) 6. Bg5 {D31: Queen's Gambit Declined: Semi-Slav without ...Nf6 (+ Marshall Gambit and Noteboom) and Exchange Variation lines without ...Nf6} Be7 7. Bxe7 Nxe7 8. e3 Bf5 9. Bd3 Nd7 {LiveBook: 3 Games} 10. O-O O-O 11. b4 $146 ({Predecessor:} 11. Rb1 Re8 12. b4 b5 13. Ne2 {0-1 (38) Simunic,K (2060)-Muha,M (2395) St Filip i Jakov 2018}) 11... b5 12. a4 Nb6 13. Ne5 {[%cal Bf3e5,Be5d3,Bd3c5][%mdl 32]} Qd6 14. Bxf5 Nxf5 15. Nd3 Rfe8 16. Nc5 Qg6 17. Qd3 Qg5 18. e4 dxe4 19. N3xe4 Qg6 (19... Qh4 {with more complications.} 20. g3 Qg4 21. a5 Nd5 22. Rab1 Rad8) 20. Ng3 Nxg3 21. Qxg3 Qxg3 22. hxg3 Nd5 23. Rfb1 Nc3 24. Rb2 Ne2+ 25. Kf1 Nxd4 26. Rd2 Ne6 {With the idea ...Nxc5.} 27. Nxe6 (27. Rd6 $1 $11) 27... Rxe6 $11 {[%mdl 4096] Endgame KRR-KRR} 28. f3 bxa4 (28... Kf8 $15) 29. Rxa4 {The position is equal.} g6 30. Rda2 Rb8 31. Rxa6 Rxb4 32. Rc2 Rb1+ 33. Kf2 h5 34. Raxc6 Rxc6 35. Rxc6 Rb2+ {Precision: White = 62%, Black = 48%.} 1/2-1/2